书目信息 |
| 题名: |
中国工程教育质量报告
|
|
| 作者: | ;教育部高等教育教学评估中心 编 | |
| 分册: | ||
| 出版信息: | 北京 教育科学出版社 2017.12 |
|
| 页数: | 186页 | |
| 开本: | 28cm | |
| 丛书名: | ||
| 单 册: | ||
| 中图分类: | G642.3 | |
| 科图分类: | ||
| 主题词: | 教育--各级 | |
| 电子资源: | ||
| ISBN: | 7-5191-1287-X | |
| 000 | 00853nam0 2200205 450 | |
| 001 | 1852951897 | |
| 005 | 20181123144540.71 | |
| 010 | @a7-5191-1287-X@dCNY65.00 | |
| 100 | @a20181123d2017 km y0chiy0120 ea | |
| 101 | 0 | @achi |
| 102 | @aCN@b110000 | |
| 200 | 1 | @a中国工程教育质量报告@Azhong guo gong cheng jiao yu zhi liang bao gao@e2025,中国工程教育准备好了吗.2016年度@f教育部高等教育教学评估中心编@Fjiao yu bu gao deng jiao yu jiao xue ping gu zhong xin bian |
| 210 | @a北京@c教育科学出版社@d2017.12 | |
| 215 | @a186页@d28cm | |
| 517 | 1 | @a2025,中国工程教育准备好了吗.2016年度@A2025,zhong guo gong cheng jiao yu zhun bei hao le ma.2016 nian du |
| 606 | 0 | @a教育@x各级 |
| 690 | @aG642.3@v4 | |
| 711 | 02 | @a教育部高等教育教学评估中心@Ajiao yu bu gao deng jiao yu jiao xue ping gu zhong xin@4编 |
| 801 | 0 | @aCN@bMUSE@c20181123 |
| 905 | @aMUSE@dG642.3@eJ688 | |
| 中国工程教育质量报告:2025,中国工程教育准备好了吗.2016年度/教育部高等教育教学评估中心编.-北京:教育科学出版社,2017.12 |
| 186页;28cm |
| ISBN 7-5191-1287-X:CNY65.00 |
| ● |
| 相关链接 |
|
|
|
正题名:中国工程教育质量报告
索取号:G642.3/J688
 
预约/预借
| 序号 | 登录号 | 条形码 | 馆藏地/架位号 | 状态 | 备注 |
| 1 | 1281953 | 212819538 | 社科库409/ [索取号:G642.3/J688] | 在馆 |